[Event "Sentjur Ipavec Memorial-A 12th"]
[Site "Sentjur"]
[Date "2011.09.21"]
[Round "9"]
[White "Gaber, Luiza"]
[Black "Zagorsek, David"]
[Result "0-1"]
[WhiteElo "1502"]
[BlackElo "1514"]
[PlyCount "122"]
[EventDate "2011.09.14"]
[EventType "swiss"]
[EventRounds "9"]
[EventCountry "SLO"]
[SourceTitle "EXT 2024"]
[Source "ChessBase"]
[SourceDate "2023.10.10"]
[SourceVersion "1"]
[SourceVersionDate "2023.10.10"]
[SourceQuality "1"]

1. d4 f5 2. Nf3 Nf6 3. c4 e6 4. Nc3 c6 5. a3 d5 6. cxd5 exd5 7. e3 Bd6 8. Bd3 0-0 9. 0-0 Ne4 10. g3 Nd7 11. Qc2 Ndf6 12. Nd2 Ng4 13. Ncxe4 fxe4 14. Be2 Qg5 15. Nb3 Qh5 16. Bxg4 Bxg4 17. f4 exf3 18. Rf2 Bf5 19. Qd1 Be4 20. Nd2 Rf6 21. Nxe4 dxe4 22. Qb3+ Qf7 23. Qc2 Re8 24. Kf1 Rh6 25. Ke1 Rh3 26. b4 Qh5 27. Bb2 Qb5 28. Rd1 a5 29. Qb3+ Kf8 30. d5 Rh6 31. dxc6 bxc6 32. Rd4 axb4 33. axb4 c5 34. Rd5 Qxb4+ 35. Qxb4 cxb4 36. Rfd2 Rd8 37. Be5 Ke7 38. Bxg7 Rxh2 39. Bf6+ Kxf6 40. Rxd6+ Rxd6 41. Rxd6+ Kg5 42. Rd4 Re2+ 43. Kf1 Rxe3 44. Rxb4 Kg4 45. Rb7 Kxg3 46. Rg7+ Kf4 47. Rxh7 Re2 48. Rf7+ Ke3 49. Rf8 Rh2 50. Kg1 Rg2+ 51. Kh1 Kf2 52. Rxf3+ Ke2 53. Rf8 Rf2 54. Re8 e3 55. Kg1 Rf1+ 56. Kg2 Rd1 57. Re7 Rd3 58. Re8 Ke1 59. Re7 e2 60. Re8 Kd1 61. Kf2 Rd2 0-1

[Event "Sentjur Ipavec Memorial-A 12th"]
[Site "Sentjur"]
[Date "2011.09.18"]
[Round "6"]
[White "Pahole, Samanta"]
[Black "Gaber, Luiza"]
[Result "1/2-1/2"]
[WhiteElo "1562"]
[BlackElo "1502"]
[PlyCount "74"]
[EventDate "2011.09.14"]
[EventType "swiss"]
[EventRounds "9"]
[EventCountry "SLO"]
[SourceTitle "CBM 144 Extra"]
[Source "ChessBase"]
[SourceDate "2011.10.28"]
[SourceVersion "1"]
[SourceVersionDate "2011.10.28"]
[SourceQuality "1"]

1. Nf3 d5 2. d4 Nf6 3. c4 c6 4. cxd5 cxd5 5. h3 e6 6. e3 Bd6 7. Bd3 0-0 8. 0-0 b6 9. Bd2 Ba6 10. Bxa6 Nxa6 11. Qa4 Nc7 12. Nc3 a6 13. a3 b5 14. Qa5 Qe7 15. Na2 Ne4 16. Bb4 Rfc8 17. Rac1 Bxb4 18. Qxb4 Kf8 19. Qxe7+ Kxe7 20. Nc3 Nxc3 21. Rxc3 Ne8 22. Rfc1 Nd6 23. Ne5 f6 24. Nd3 Rxc3 25. Rxc3 Rc8 26. Rxc8 Nxc8 27. b4 Nd6 28. Nc5 Nc4 29. a4 bxa4 30. Nxa4 Kd6 31. Kf1 e5 32. Ke2 h5 33. Nc5 exd4 34. exd4 a5 35. bxa5 Nxa5 36. Nd3 Nc6 37. Ke3 Ne7 1/2-1/2

[Event "Sentjur Ipavec Memorial-A 12th"]
[Site "Sentjur"]
[Date "2011.09.16"]
[Round "3"]
[White "Zoric, Darko"]
[Black "Gaber, Luiza"]
[Result "1-0"]
[WhiteElo "1761"]
[BlackElo "1502"]
[PlyCount "117"]
[EventDate "2011.09.14"]
[EventType "swiss"]
[EventRounds "9"]
[EventCountry "SLO"]
[SourceTitle "CBM 144 Extra"]
[Source "ChessBase"]
[SourceDate "2011.10.28"]
[SourceVersion "1"]
[SourceVersionDate "2011.10.28"]
[SourceQuality "1"]

1. d4 d5 2. c4 c6 3. e3 Nf6 4. Nc3 e6 5. Nf3 Nbd7 6. b3 Bb4 7. Bb2 Qa5 8. Qc2 Ne4 9. Rc1 0-0 10. Be2 Nxc3 11. Bxc3 Nf6 12. Nd2 Bxc3 13. Qxc3 Qxc3 14. Rxc3 Re8 15. f4 Nd7 16. c5 f6 17. Bg4 e5 18. Bxd7 Bxd7 19. Kf2 exd4 20. exd4 Bg4 21. Nf3 Bxf3 22. Kxf3 Re4 23. Rd1 Rae8 24. Rd2 f5 25. h4 h5 26. g3 Kf7 27. a4 a5 28. Rcd3 g6 29. Rb2 Re1 30. Kf2 Rh1 31. Rbd2 Ree1 32. Kf3 Rhf1+ 33. Rf2 Rd1 34. Rxd1 Rxd1 35. Ke3 Rb1 36. Rd2 Rxb3+ 37. Kf2 Ke7 38. Re2+ Kd7 39. Rd2 Rb4 40. Ke3 Rxa4 41. Rd3 Rb4 42. Kd2 b5 43. cxb6 Rxb6 44. Ra3 Rb5 45. Kc3 Kd6 46. Ra4 c5 47. dxc5+ Rxc5+ 48. Kd3 Rb5 49. Kc3 Rc5+ 50. Kd3 Kc6 51. Ra3 Kb6 52. Kd4 Kb5 53. Rxa5+ Kxa5 54. Kxc5 d4 55. Kxd4 Kb5 56. Ke5 Kc5 57. Kf6 Kd6 58. Kxg6 Ke6 59. Kxh5 1-0

[Event "Ptuj op"]
[Site "Ptuj"]
[Date "2008.08.13"]
[Round "6"]
[White "Nikolic, Stanko"]
[Black "Gaber, Luiza"]
[Result "1-0"]
[WhiteElo "2000"]
[BlackElo "1500"]
[PlyCount "45"]
[EventDate "2008.08.09"]
[EventType "swiss"]
[EventRounds "9"]
[EventCountry "SLO"]
[SourceTitle "CBM 125 Extra"]
[Source "ChessBase"]
[SourceDate "2008.09.01"]
[SourceVersion "1"]
[SourceVersionDate "2008.09.01"]
[SourceQuality "1"]

1. e4 d5 2. exd5 Qxd5 3. Nc3 Qa5 4. d4 Nf6 5. Bd2 c6 6. Nf3 Bg4 7. Be2 e6 8. Ne4 Qf5 9. Ng3 Qd5 10. c3 Qa5 11. h3 Bf5 12. b4 Qc7 13. Nxf5 exf5 14. 0-0 Be7 15. Bc4 0-0 16. Qb3 Bd6 17. Rae1 a5 18. a3 axb4 19. axb4 h6 20. Ne5 Bxe5 21. Rxe5 Ne4 22. Bf4 Nd7 23. Rxe4 1-0

[Event "Ptuj op"]
[Site "Ptuj"]
[Date "2008.08.11"]
[Round "4"]
[White "Roskar, Robert"]
[Black "Gaber, Luiza"]
[Result "1-0"]
[WhiteElo "2280"]
[BlackElo "1500"]
[PlyCount "35"]
[EventDate "2008.08.09"]
[EventType "swiss"]
[EventRounds "9"]
[EventCountry "SLO"]
[SourceTitle "CBM 125 Extra"]
[Source "ChessBase"]
[SourceDate "2008.09.01"]
[SourceVersion "1"]
[SourceVersionDate "2008.09.01"]
[SourceQuality "1"]

1. e4 d5 2. exd5 Qxd5 3. Nc3 Qa5 4. d4 Nf6 5. Nf3 Bg4 6. h3 Bxf3 7. Qxf3 c6 8. Bd2 Qb6 9. 0-0-0 Nbd7 10. d5 g6 11. Be3 Qc7 12. Bf4 Qc8 13. Bc4 Nb6 14. dxc6 bxc6 15. Ba6 Qf5 16. Qxc6+ Nfd7 17. Nd5 f6 18. g4 1-0

[Event "Sentjur Ipavec Memorial 8th"]
[Site "Sentjur"]
[Date "2007.12.09"]
[Round "4"]
[White "Gaber, Luiza"]
[Black "Pahole, Samanta"]
[Result "1-0"]
[WhiteElo "1491"]
[BlackElo "1544"]
[PlyCount "71"]
[EventDate "2007.12.08"]
[EventType "swiss"]
[EventRounds "9"]
[EventCountry "SLO"]
[SourceTitle "EXT 2010"]
[Source "ChessBase"]
[SourceDate "2010.11.25"]
[SourceVersion "1"]
[SourceVersionDate "2010.11.25"]
[SourceQuality "1"]

1. d4 d5 2. c4 e6 3. Nf3 Nf6 4. Bg5 Bb4+ 5. Nc3 Bxc3+ 6. bxc3 h6 7. Bxf6 Qxf6 8. Rb1 0-0 9. e3 Nc6 10. Qc2 dxc4 11. Bxc4 e5 12. Nxe5 Nxe5 13. dxe5 Qxe5 14. 0-0 Rd8 15. Rb5 Qe7 16. Rd1 Rxd1+ 17. Qxd1 a6 18. Rd5 Be6 19. Rd4 Bxc4 20. Rxc4 Rd8 21. Rd4 Rxd4 22. cxd4 Qa3 23. Qc2 Qa5 24. Kf1 b5 25. d5 b4 26. e4 f6 27. f4 Qb6 28. Ke2 a5 29. Kd3 Qb5+ 30. Qc4 Qb6 31. d6+ Kh7 32. dxc7 Qd6+ 33. Ke2 f5 34. c8Q fxe4 35. Q8g8+ Kg6 36. Qcf7# 1-0

[Event "Sentjur Ipavec Memorial 8th"]
[Site "Sentjur"]
[Date "2007.12.08"]
[Round "2"]
[White "Gaber, Luiza"]
[Black "Vidic, Stojan"]
[Result "1/2-1/2"]
[WhiteElo "1491"]
[BlackElo "1555"]
[PlyCount "126"]
[EventDate "2007.12.08"]
[EventType "swiss"]
[EventRounds "9"]
[EventCountry "SLO"]
[SourceTitle "EXT 2010"]
[Source "ChessBase"]
[SourceDate "2010.11.25"]
[SourceVersion "1"]
[SourceVersionDate "2010.11.25"]
[SourceQuality "1"]

1. d4 Nf6 2. Nf3 e6 3. c4 c5 4. e3 Nc6 5. Nc3 Be7 6. Be2 0-0 7. 0-0 d5 8. cxd5 exd5 9. a3 a6 10. Qc2 b5 11. dxc5 Bxc5 12. Nxb5 Qb6 13. b4 axb5 14. bxc5 Qb7 15. Nd4 b4 16. a4 Ne4 17. Nxc6 Qxc6 18. Bb5 Qxc5 19. Qxc5 Nxc5 20. Bc6 Ra6 21. Bxd5 Rxa4 22. Rxa4 Nxa4 23. Bc6 Nc5 24. Rd1 Be6 25. Bb2 h6 26. f3 Rb8 27. e4 Kf8 28. Kf2 f6 29. Ke3 Ke7 30. f4 Rb6 31. Bd5 Rd6 32. Bd4 Nd7 33. Bxe6 Kxe6 34. Rb1 Ra6 35. f5+ Kf7 36. Rxb4 Ra3+ 37. Kf2 Ra2+ 38. Rb2 Ra4 39. Ke3 Ra3+ 40. Kf4 Rd3 41. Rb4 Rd2 42. Kf3 Rd3+ 43. Ke2 Ra3 44. Rb7 Ke8 45. Ra7 Rxa7 46. Bxa7 Ne5 47. Bb8 Nf7 48. h4 h5 49. Ba7 Nh6 50. Kf3 Ng4 51. Kf4 Kf7 52. Bd4 Ke7 53. e5 Kf7 54. e6+ Ke7 55. Bc5+ Ke8 56. Ke4 Nh6 57. Kf4 Ng4 58. Ke4 Nh6 59. Be3 Ng4 60. Bc5 Nh6 61. Bb4 Ng4 62. Bc5 Nh6 63. Bb4 Ng4 1/2-1/2

[Event "Sentjur Ipavec Memorial 8th"]
[Site "Sentjur"]
[Date "2007.12.08"]
[Round "1"]
[White "Lesjak, Milan"]
[Black "Gaber, Luiza"]
[Result "1-0"]
[WhiteElo "2150"]
[BlackElo "1491"]
[PlyCount "71"]
[EventDate "2007.12.08"]
[EventType "swiss"]
[EventRounds "9"]
[EventCountry "SLO"]
[SourceTitle "EXT 2010"]
[Source "ChessBase"]
[SourceDate "2010.11.25"]
[SourceVersion "1"]
[SourceVersionDate "2010.11.25"]
[SourceQuality "1"]

1. Nf3 d5 2. d4 c6 3. e3 Nf6 4. c4 Bf5 5. cxd5 Nxd5 6. Nc3 Nf6 7. Bc4 e6 8. Qe2 b5 9. Bb3 Qa5 10. 0-0 Nbd7 11. e4 Bg4 12. Bf4 Be7 13. d5 b4 14. dxe6 Bxe6 15. Bxe6 fxe6 16. Nb1 0-0 17. Nbd2 Kh8 18. h3 Qh5 19. Qc4 e5 20. Bg3 Rac8 21. Rad1 h6 22. Rfe1 Qe8 23. Nxe5 Nb6 24. Qe6 Nh5 25. Qxe7 Kh7 26. Qxe8 Rfxe8 27. Nec4 Nxc4 28. Nxc4 Nxg3 29. fxg3 Re7 30. e5 c5 31. Rd6 Ra8 32. e6 Kg6 33. Ne5+ Kf6 34. Nc6 Rc7 35. e7+ Kf7 36. Rd8 1-0

[Event "Ptuj op"]
[Site "Ptuj"]
[Date "2007.08.12"]
[Round "1"]
[White "Podkriznik, Gregor"]
[Black "Gaber, Luiza"]
[Result "1-0"]
[WhiteElo "2375"]
[BlackElo "1496"]
[PlyCount "45"]
[EventDate "2007.08.12"]
[EventType "swiss"]
[EventRounds "9"]
[EventCountry "SLO"]
[SourceTitle "CBM 119 Extra"]
[Source "ChessBase"]
[SourceDate "2007.09.04"]
[SourceVersion "1"]
[SourceVersionDate "2007.09.04"]
[SourceQuality "1"]

1. d4 d5 2. c4 Nf6 3. cxd5 Qxd5 4. Nc3 Qa5 5. Nf3 Bf5 6. Ne5 Nbd7 7. Nc4 Qb4 8. Ne3 Bg6 9. a3 Qb6 10. Nc4 Qc6 11. Qb3 0-0-0 12. Bf4 Nh5 13. Nb5 Qa6 14. Nxc7 Qc6 15. Nb5 Nc5 16. Nxa7+ Kd7 17. dxc5 Qa6 18. 0-0-0+ Ke8 19. Rxd8+ Kxd8 20. Qd1+ Ke8 21. Ne5 Bf5 22. e4 Qxa7 23. Bb5+ 1-0

[Event "Slovenske Konjice op 4th"]
[Site "Slovenske Konjice"]
[Date "2007.04.22"]
[Round "8"]
[White "Grm, Ivan"]
[Black "Gaber, Luiza"]
[Result "1-0"]
[WhiteElo "2072"]
[BlackElo "1475"]
[PlyCount "83"]
[EventDate "2007.04.13"]
[EventType "swiss"]
[EventRounds "9"]
[EventCountry "SLO"]
[SourceTitle "CBM 118 Extra"]
[Source "ChessBase"]
[SourceDate "2007.07.04"]
[SourceVersion "1"]
[SourceVersionDate "2007.07.04"]
[SourceQuality "1"]

1. e4 d6 2. d4 g6 3. Be3 Nf6 4. Nc3 Bg7 5. Be2 0-0 6. Qd2 c5 7. dxc5 Qa5 8. cxd6 exd6 9. Nf3 Re8 10. Bd3 Nc6 11. Nd4 Nb4 12. Nb3 Nxd3+ 13. cxd3 Qd8 14. 0-0 a6 15. Bd4 b5 16. Bxf6 Qxf6 17. Rab1 h5 18. Nd5 Qd8 19. Rfc1 Ra7 20. Na5 Bd7 21. Rc2 Kh7 22. Qe3 Qb8 23. f4 f5 24. Rbc1 fxe4 25. dxe4 b4 26. Nc6 Bxc6 27. Rxc6 Bxb2 28. Rc7+ Kh8 29. Rxa7 Bxc1 30. Qd4+ Re5 31. fxe5 dxe5 32. Qb6 Qxb6+ 33. Nxb6 Be3+ 34. Kf1 Bxb6 35. Rxa6 Bd4 36. Rxg6 Kh7 37. Rc6 h4 38. Ke2 h3 39. gxh3 Bg1 40. Rc4 b3 41. axb3 Bxh2 42. Rc6 1-0

[Event "Slovenske Konjice op 4th"]
[Site "Slovenske Konjice"]
[Date "2007.04.15"]
[Round "5"]
[White "Kosak, Marjan"]
[Black "Gaber, Luiza"]
[Result "1-0"]
[WhiteElo "1780"]
[BlackElo "1475"]
[PlyCount "103"]
[EventDate "2007.04.13"]
[EventType "swiss"]
[EventRounds "9"]
[EventCountry "SLO"]
[SourceTitle "CBM 118 Extra"]
[Source "ChessBase"]
[SourceDate "2007.07.04"]
[SourceVersion "1"]
[SourceVersionDate "2007.07.04"]
[SourceQuality "1"]

1. c4 Nf6 2. Nc3 c6 3. g3 d5 4. cxd5 cxd5 5. d4 Nc6 6. Bg2 e6 7. e3 a6 8. Nge2 b5 9. a3 Bb7 10. Bd2 b4 11. axb4 Nxb4 12. 0-0 Be7 13. Na4 Bc6 14. Nc5 a5 15. Bxb4 axb4 16. Rxa8 Qxa8 17. Qb3 Bxc5 18. dxc5 Qb7 19. Nd4 Nd7 20. Rc1 Nb8 21. Bf1 0-0 22. Ra1 Rc8 23. Nc2 Be8 24. Ra5 Qe7 25. Nd4 e5 26. Nf5 Qc7 27. Qa2 Rd8 28. Nd6 Nc6 29. Ra8 Qe7 30. Rxd8 Nxd8 31. Qxd5 Bc6 32. Qc4 Ne6 33. Qxb4 g6 34. Bg2 Bxg2 35. Kxg2 Qa7 36. Qb7 Qxb7+ 37. Nxb7 Kf8 38. b4 Ke7 39. Kf3 f5 40. Ke2 Kd7 41. Kd3 Kc6 42. Nd6 Nc7 43. Kc4 Ne6 44. b5+ Kd7 45. Nf7 Nc7 46. Nxe5+ Ke6 47. b6 Na6 48. f4 Nb8 49. Nf3 h6 50. Nd4+ Kd7 51. Kb5 g5 52. c6+ 1-0